Линия на разполовяване (Запис номер 437991)
[ съкратено ]
| 000 -Лидер | |
|---|---|
| Контролно поле с фиксирана дължина | 02746nam a2200481 a 4500 |
| 003 - Код на организацията, давaща контролен номер | |
| Контролно поле | BLK |
| 005 - Дата и час на последна редакция | |
| Контролно поле | 20241216112109.0 |
| 008 - Елементи от данни с фиксирана дължина | |
| fixed length control field | 180411b bul|||||r ||||||| ||bul|| |
| 010 ## - Наследен системен номер | |
| LC control number | KNG00203632000 |
| 020 ## - Международен стандартен номер на книга ISBN | |
| Международен стандартен номер на книга ISBN | 9789545331909 |
| 040 ## - Източник на каталожния запис | |
| Идентификатор на билиотеката - собственик на записа | BLK |
| 041 ## - Код за език | |
| Код за езика на текст/звукозапис или на отделно заглавие | Български |
| Код за езика КДБФ | Български |
| 072 #7 - Код за тематичната категория | |
| Код организация | bullib |
| Код за тематична категория | Н8400 |
| Текст | Българска поезия Н |
| 080 ## - УДК | |
| Текстов определител УДК | Българска литература(изследвания) |
| УДК код - определител по УДК | 821.163.2.09 |
| УДК определител | (092) |
| УДК - код + определител | 821.163.2.09(092) |
| 100 ## - Редна дума - Автор | |
| Автор | Дойнов, Пламен Иванов |
| R(LIN) | 369012 |
| 139 ## - Редно поле | |
| Редна дума | Дойнов, Пламен Иванов |
| Авторски знак | Дои - Д 71 |
| 245 10 - Сведения за заглавието | |
| Заглавие | Линия на разполовяване |
| Подзаглавни данни | Осем персонални случая в литературата на НРБ |
| Редно поле (дума) | Пламен Дойнов ; ред. кол. Пламен Дойнов ... [и др.] |
| 257 ## - Страна на издаване | |
| Страна на създаване/издаване | България |
| 260 ## - Област на издателските данни | |
| Място на издаване, разпространение и проч. | София |
| Име на издателя, разпространителя и проч. | Кралица МАБ |
| Година на издаване | 2020 |
| Печатница | София : Артграф |
| 300 ## - Физическа характеристика | |
| Страници | 409 с. |
| Размери/Мащаб | 20 см |
| 380 ## - Жанр | |
| Жанр | Литературознание |
| 500 ## - Общи забележки | |
| Забележка | Изд. на НБУ. Департамент "Нова българистика". - Други ред.: Михаил Неделчев, Йордан Ефтимов, Морис Фадел, Николай Аретов. - Биогр. данни за авт. отбелязани на гърба на кор.<br/>Рец.: Амелия Личева, Морис Фадел<br/>Библиогр.: с. 397-408 |
| 600 #0 - Име на лице, използвано като предмет | |
| 9 (RLIN) | 262224 |
| За него / За нея | Петканов, Константин Николов |
| 600 #0 - Име на лице, използвано като предмет | |
| 9 (RLIN) | 248170 |
| За него / За нея | Бешков, Илия |
| 600 14 - Име на лице, използвано като предмет | |
| За него / За нея | Разцветников, Асен |
| Свързани дати | 1897 - 1951 |
| Пълна форма на името | Коларов, Асен Петков |
| 9 (RLIN) | 114515 |
| 600 #0 - Име на лице, използвано като предмет | |
| За него / За нея | Габе, Дора Петрова |
| Друга информация | Поетеса и писателка. Преводачка от полски език. |
| Свързани дати | 1886-1983 |
| Пълна форма на името | Габе, Изидора Петрова |
| 9 (RLIN) | 369524 |
| 600 #0 - Име на лице, използвано като предмет | |
| 9 (RLIN) | 244167 |
| За него / За нея | Багряна, Елисавета |
| 600 #0 - Име на лице, използвано като предмет | |
| 9 (RLIN) | 243656 |
| За него / За нея | Пейчев, Иван Петров |
| 600 #0 - Име на лице, използвано като предмет | |
| 9 (RLIN) | 365150 |
| За него / За нея | Геров, Александър Цветков |
| 600 #0 - Име на лице, използвано като предмет | |
| За него / За нея | Станев, Емилиян |
| Пълна форма на името | Станев, Никола Стоянов |
| Свързани дати | 1907-1979 |
| 9 (RLIN) | 363786 |
| 650 #0 - Допълнително описание по предмет – тема | |
| Основно описание – тема или топоним | Писатели, български - биографии |
| 9 (RLIN) | 243085 |
| 650 #0 - Допълнително описание по предмет – тема | |
| 9 (RLIN) | 287087 |
| Основно описание – тема или топоним | Култура, социалистическа |
| 653 #7 - Ключова дума – ненормативна | |
| Ключова дума | биографии |
| 9 (RLIN) | 181990 |
| 700 ## - Други автори (авторска отговорност) | |
| Лично име | Неделчев, Михаил Димитров |
| Автороска отговорност (Описва отношението между автора и произведението) | ред. кол. |
| 9 (RLIN) | 1327 |
| 700 ## - Други автори (авторска отговорност) | |
| Лично име | Ефтимов, Йордан Симеонов |
| Автороска отговорност (Описва отношението между автора и произведението) | ред. кол. |
| 9 (RLIN) | 1327 |
| 700 ## - Други автори (авторска отговорност) | |
| Лично име | Фадел, Морис Наме |
| Автороска отговорност (Описва отношението между автора и произведението) | ред. кол. |
| 9 (RLIN) | 1327 |
| 700 ## - Други автори (авторска отговорност) | |
| Лично име | Аретов, Николай Аретов |
| Автороска отговорност (Описва отношението между автора и произведението) | ред. кол. |
| 9 (RLIN) | 1327 |
| 856 4# - Електронен адрес и достъп | |
| Електронен формат | pdf - файл |
| 856 4# - Електронен адрес и достъп | |
| Електронен формат | pdf - файл |
| 999 ## - СИСТЕМНИ КОНТРОЛНИ НОМЕРА | |
| Koha biblionumber | 437991 |
| Koha biblioitemnumber | 437991 |
| 942 ## - АРТИКУЛИ | |
| Вид на библиотечния материал | Книги |
| Скрит в OPAC | Не |
| Koha issues (borrowed), all copies | 5 |
| Периодичен библиозапис | Да |
| 944 ## - СЪЗДАВАНЕ И РЕДАКЦИЯ на ЗАПИСА | |
| Служител, извършил регистрацията/редакцията | 30550 |
| Статус, дата на статуса | Кети Илиева |
| 999 ## - СИСТЕМНИ КОНТРОЛНИ НОМЕРА | |
| Koha biblioitemnumber | 437991 |
| Код за отписване | Код за изгубен артикул | Източник на класификационната схема | Код за повреда | Коз за рестрикции | Код за отдаване | Артикулен № | Име на библиотеката - собственик | Име на библиотеката, в която се намира в момента | Статус (Текущо местоположение) | Дата на вписване в системата | Местоположение - отдел | Цена в лева | Систематично азбучна сигнатура | Баркод | Цена в евро | Служебен тип на артикула |
|---|---|---|---|---|---|---|---|---|---|---|---|---|---|---|---|---|
| Не е изгубен | Universal Decimal Classification | Не е повреден | без рестрикции | заемане за дома | 863597 | Регионална библиотека "Любен Каравелов" Русе | Регионална библиотека "Любен Каравелов" Русе | Заемна - подръчен фонд | 2021-11-24 | Заемна - подръчен фонд | 12.00 | 821.163.2.09(092)/Д 71 П | 120000863051 | 6.14 | Книги | |
| Не е изгубен | Universal Decimal Classification | Не е повреден | без рестрикции | заемане за дома | 863598 | Регионална библиотека "Любен Каравелов" Русе | Регионална библиотека "Любен Каравелов" Русе | Заемна - подръчен фонд | 2021-11-24 | Заемна - подръчен фонд | 12.00 | 821.163.2.09(092)/Д 71 П | 120000863052 | 6.14 | Книги |